000 01303nam a2200361 c 4500
001 57602
003 CO-BoRNBP
005 20250714125536.0
007 ta
008 231207s2023 ck a|||ar ||| 00| j|spa d
020 _a9789588846873
040 _aCO-BoRNBP
_bspa
_erda
_cCO-BoRNBP
041 1 _aspa
_heng
043 _an-xxu---
084 _aC
100 _aBecker, Helaine, 1961-,
_d1961-
_eaut
_961108
245 1 0 _aCuenta con Katherine /
_cHelaine Becker ; ilustraciones Dow Phumiruk ; traducción Raquel Solà García.
250 _aEdición especial
264 1 _aBogotá, Colombia :
_bAlianza Distribuidora de Colombia,
_c2023
300 _a40 páginas :
_bilustraciones a color
336 _atexto
_btxt
_2rdacontent
337 _asin mediación
_bn
_2rdamedia
338 _avolumen
_bnc
_2rdacarrier
521 _aRecomendado para un público infantil a partir de los 6 años
534 _tCounting on Katherine
600 1 7 _aJohnson, Creola Katherine,
_d1918 - 2020
_961109
650 0 7 _aCuentos infantiles estadounidenses
_ysiglo xxi
_2lemb
_961110
650 0 7 _aLibros ilustrados para niños
_2lemb
_92001
650 0 7 _aLiteratura infantil estadounidense
_ysiglo xxi
_2lemb
_9895
700 _aPhumiruk, Dow
_958359
700 _aSolà García, Raquel
_etrl
_961111
942 _2loc
_cBKINF
999 _c57602
_d57602